[Event "Krakow op-A 24th"]
[Site "Krakow"]
[Date "2013.12.31"]
[Round "6"]
[White "Snihur, Piotr"]
[Black "Wieczorek, Maciej"]
[Result "1-0"]
[WhiteElo "2133"]
[BlackElo "2034"]
[PlyCount "91"]
[EventDate "2013.12.27"]
[EventType "swiss"]
[EventRounds "9"]
[EventCountry "POL"]
[SourceTitle "CBM 158 Extra"]
[Source "ChessBase"]
[SourceDate "2014.02.28"]
[SourceVersion "1"]
[SourceVersionDate "2014.02.28"]
[SourceQuality "1"]

1. e4 e6 2. d4 b6 3. Bd3 Bb7 4. Nf3 c5 5. c3 Nf6 6. Qe2 cxd4 7. cxd4 Bb4+ 8. Bd2 Bxd2+ 9. Nbxd2 d5 10. e5 Ng8 11. b4 Nc6 12. a3 Nh6 13. g4 Rc8 14. h3 Ne7 15. 0-0 Ng6 16. Qe3 0-0 17. Rac1 Qe7 18. Ng5 Rfe8 19. Rxc8 Bxc8 20. Ngf3 Bd7 21. Rc1 Rc8 22. Nf1 Rxc1 23. Qxc1 Qd8 24. Ng3 Kf8 25. Ng5 Kg8 26. Nh5 Qc8 27. Qd2 a5 28. bxa5 bxa5 29. Nf3 Qd8 30. Kg2 Qb6 31. Qc3 Ne7 32. Ng3 Nc6 33. Ne2 Kh8 34. Bc2 Na7 35. Qc5 Qxc5 36. dxc5 Nb5 37. Ba4 Be8 38. Bxb5 Bxb5 39. Ned4 Ba6 40. c6 Ng8 41. Ng5 Ne7 42. Nxf7+ Kg8 43. Nd6 Ng6 44. Nxe6 Nxe5 45. Nc5 Nc4 46. Nxc4 1-0

[Event "Krakow op-A 24th"]
[Site "Krakow"]
[Date "2013.12.29"]
[Round "4"]
[White "Balinski, Damian"]
[Black "Wieczorek, Maciej"]
[Result "1-0"]
[WhiteElo "2119"]
[BlackElo "2034"]
[PlyCount "80"]
[EventDate "2013.12.27"]
[EventType "swiss"]
[EventRounds "9"]
[EventCountry "POL"]
[SourceTitle "CBM 158 Extra"]
[Source "ChessBase"]
[SourceDate "2014.02.28"]
[SourceVersion "1"]
[SourceVersionDate "2014.02.28"]
[SourceQuality "1"]

1. d4 e6 2. c4 b6 3. Nc3 Bb7 4. Bf4 Bb4 5. Qc2 f5 6. a3 Bxc3+ 7. Qxc3 Nf6 8. f3 0-0 9. e3 d6 10. Rd1 a5 11. Bd3 Qe7 12. Ne2 Nbd7 13. Bg5 Qf7 14. 0-0 h6 15. Bh4 Rae8 16. b4 axb4 17. axb4 Ra8 18. Ra1 g6 19. Rxa8 Rxa8 20. Ra1 Qe8 21. Rxa8 Qxa8 22. d5 e5 23. Bxf6 Nxf6 24. Nf4 exf4 25. Qxf6 Qe8 26. e4 Bc8 27. c5 bxc5 28. bxc5 Qe5 29. Qxg6+ Kf8 30. Qxh6+ Kf7 31. Qh5+ Kg7 32. Qg5+ Kf7 33. h4 Qd4+ 34. Kh2 Qxd3 35. Qxf4 Ke7 36. cxd6+ cxd6 37. Qg5+ Kf7 38. Qd8 fxe4 39. Qc7+ Kg6 40. Qxd6+ Kf5 1-0

[Event "POL-chT 2nd League"]
[Site "Miedzyzdroje"]
[Date "2009.09.20"]
[Round "9"]
[White "Blasiak, Miroslaw"]
[Black "Wieczorek, Maciej"]
[Result "1/2-1/2"]
[WhiteElo "1978"]
[BlackElo "2071"]
[PlyCount "46"]
[EventDate "2009.09.12"]
[EventType "team-swiss"]
[EventRounds "9"]
[EventCountry "POL"]
[SourceTitle "EXT 2019"]
[Source "ChessBase"]
[SourceDate "2018.10.10"]
[SourceVersion "1"]
[SourceVersionDate "2018.10.10"]
[SourceQuality "1"]
[WhiteTeam "Mikolow AKS"]
[BlackTeam "Krakow KKSz 1893"]
[WhiteTeamCountry "POL"]
[BlackTeamCountry "POL"]

1. e4 e5 2. Nf3 Nc6 3. Bc4 Bc5 4. c3 Nf6 5. d3 d6 6. Bb3 a6 7. 0-0 Ba7 8. h3 h6 9. Be3 0-0 10. Re1 Nh5 11. Nxe5 Nxe5 12. d4 Nf6 13. dxe5 dxe5 14. Nd2 Qe7 15. Bxa7 Rxa7 16. Nf3 Kh7 17. Nh2 Ra8 18. Nf1 c6 19. Ng3 g6 20. Qe2 Be6 21. Bxe6 Qxe6 22. b3 Rad8 23. Rad1 Qe7 1/2-1/2

[Event "POL-chT 2nd League"]
[Site "Miedzyzdroje"]
[Date "2009.09.19"]
[Round "8"]
[White "Wieczorek, Maciej"]
[Black "Kielek, Andrzej"]
[Result "1-0"]
[WhiteElo "2071"]
[BlackElo "2026"]
[PlyCount "48"]
[EventDate "2009.09.12"]
[EventType "team-swiss"]
[EventRounds "9"]
[EventCountry "POL"]
[SourceTitle "EXT 2019"]
[Source "ChessBase"]
[SourceDate "2018.10.10"]
[SourceVersion "1"]
[SourceVersionDate "2018.10.10"]
[SourceQuality "1"]
[WhiteTeam "Krakow KKSz 1893"]
[BlackTeam "Lubsko Caissa"]
[WhiteTeamCountry "POL"]
[BlackTeamCountry "POL"]

1. c4 e5 2. Nc3 g6 3. g3 Bg7 4. Bg2 Nc6 5. d3 d6 6. e3 Be6 7. Nge2 Qd7 8. Nd5 Nd8 9. Rb1 c6 10. Ndc3 Bh3 11. Bf3 Nf6 12. Ne4 Nxe4 13. dxe4 0-0 14. b3 f6 15. Ng1 Be6 16. Ba3 Nf7 17. Bg2 Qc7 18. Qd2 Rfd8 19. Ne2 Qc8 20. h4 h5 21. 0-0 g5 22. f4 Bh3 23. hxg5 fxg5 24. f5 Bg4 1-0

[Event "POL-chT 2nd League"]
[Site "Miedzyzdroje"]
[Date "2009.09.18"]
[Round "7"]
[White "Wieczorek, Maciej"]
[Black "Jedrzejewski, Kamil"]
[Result "0-1"]
[WhiteElo "2071"]
[BlackElo "2017"]
[PlyCount "92"]
[EventDate "2009.09.12"]
[EventType "team-swiss"]
[EventRounds "9"]
[EventCountry "POL"]
[SourceTitle "EXT 2019"]
[Source "ChessBase"]
[SourceDate "2018.10.10"]
[SourceVersion "1"]
[SourceVersionDate "2018.10.10"]
[SourceQuality "1"]
[WhiteTeam "Krakow KKSz 1893"]
[BlackTeam "Gniezno LKS Chrobry"]
[WhiteTeamCountry "POL"]
[BlackTeamCountry "POL"]

1. c4 e5 2. Nc3 Nc6 3. g3 g6 4. Bg2 Bg7 5. Nf3 d6 6. 0-0 Be6 7. d3 h6 8. Rb1 Qd7 9. Re1 f5 10. e3 Nf6 11. b4 0-0 12. b5 Nd8 13. Qb3 Qf7 14. Nd2 e4 15. d4 d5 16. c5 g5 17. Ne2 Qh5 18. Bb2 Nf7 19. a4 Nh8 20. f4 exf3 21. Nxf3 Rae8 22. c6 b6 23. Ba3 Rf7 24. Ne5 Ng4 25. Nxg4 Qxg4 26. Nc3 f4 27. exf4 gxf4 28. Rxe6 Bxd4+ 29. Kh1 Rxe6 30. Bxd5 fxg3 31. Na2 g2+ 32. Bxg2 Rf2 33. Qd5 Qxg2+ 34. Qxg2+ Rxg2 35. Kxg2 Re2+ 36. Kh3 Rxa2 37. Rb3 Kf7 38. a5 Be5 39. axb6 axb6 40. Rd3 Rxh2+ 41. Kg4 Ke6 42. Bc1 h5+ 43. Kg5 Nf7+ 44. Kg6 h4 45. Rd7 Rg2+ 46. Kh5 h3 0-1